000 01043nam a2200265Ia 4500
001 ebr10073589
003 CaPaEBR
006 m u
007 cr cn|||||||||
008 040629s2005 maua s 000 0 eng d
020 _z1592004377
040 _aCaPaEBR
_cCaPaEBR
035 _a(OCoLC)70773748
050 1 4 _aTR267.5.A33
_bB87 2005eb
100 1 _aBusch, David D.
245 1 0 _aAdobe photoshop elements 3.0
_h[electronic resource] :
_bphotographers' guide /
_cDavid D. Busch.
260 _aBoston, MA :
_bCourse Technology PTR,
_c2005.
300 _axv, 294 p. :
_bill.
533 _aElectronic reproduction.
_bPalo Alto, Calif. :
_cebrary,
_d2009.
_nAvailable via World Wide Web.
_nAccess may be limited to ebrary affiliated libraries.
630 0 0 _aAdobe Photoshop elements.
650 0 _aPhotography
_xDigital techniques.
655 7 _aElectronic books.
_2local
710 2 _aebrary, Inc.
856 4 0 _uhttp://site.ebrary.com/lib/rucke/Doc?id=10073589
_zAn electronic book accessible through the World Wide Web; click to view
999 _c44590
_d44590